00803nas a2200241Ia 4500001002300000003001000023008004100033040002500074041001300099100002200112210001100134222001100145245004200156250001100198260000900209501012300218300001400341362002700355500011400382650002700496700002100523700001700544dg11-1571 [d000001610]IT-MiCISF161014c99999999xx |||||||||||| ||und|| aIT-MiCISFcIT-MiCISF aITALIANO aBrondino Giuseppe aTandem aTandem 0aDiversi da chi? Perché omosessuali? a1a ed. c1993 bCISF - Centro Internazionale Studi Famiglia - Via Giotto, 36 20145 MILANO (non commercial uses only)cCopyright 2016 app. 22-32 a n. 2, febbraio [1993] a Tema: omosessualità, diritti-umani, chiesa, storia, psicologia, solidarietà, psicoanalisi, comportamento asessualitàvarticolo a Bufano Giuseppe a Cappa Paola